[Event "Indywidualne Mistrzostwa Polski do lat 20"]
[Site "Pokrzywna"]
[Date "1899-12-30"]
[Round "3.10"]
[White "Dixa, Oskar"]
[Black "Chylewski, Patryk"]
[Result "0-1"]
[WhiteTitle "k"]
[BlackTitle "FM"]
[WhiteElo "2087"]
[BlackElo "2330"]

1. d4 Nf6 2. c4 e6 3. Nf3 Bb4+ 4. Bd2 Qe7 5. Qc2 Bxd2+ 6. Nbxd2 d6 7. e4 e5 8.
d5 Nbd7 9. Be2 O-O 10. O-O a5 11. b3 Nh5 12. g3 g6 13. Ne1 Ng7 14. Nd3 f5 15.
f3 f4 16. Kg2 Qg5 17. Rh1 fxg3 18. hxg3 Nh5 19. Nf1 Nf4+ 20. Kf2 Nxd3+ 21. Qxd3
Nf6 22. Ke1 Nh5 23. Qd2 Qe7 24. Kd1 Bd7 25. Kc2 Rfb8 26. Qe3 b5 27. f4 Nf6 28.
Nd2 bxc4 29. Bxc4 a4 30. Rhe1 Ng4 31. Qc3 Rf8 32. fxe5 Nxe5 33. Rf1 Rxf1 34. Rxf1
Qg5 35. Nf3 axb3+ 36. axb3 Qxg3 37. Kb2 Nxf3 38. Rxf3 Qg2+ 39. Kb1 Re8 40. Qf6
Bf5 0-1

[Event "Indywidualne Mistrzostwa Polski do lat 20"]
[Site "Pokrzywna"]
[Date "1899-12-30"]
[Round "3.11"]
[White "Szpar, Milosz"]
[Black "Kazmierowski, Tymon"]
[Result "1-0"]
[WhiteTitle "FM"]
[BlackTitle "I+"]
[WhiteElo "2449"]
[BlackElo "1996"]

1. c4 c5 2. Nf3 Nc6 3. d4 cxd4 4. Nxd4 g6 5. e4 Bg7 6. Be3 d6 7. Nc3 Nh6 8. f3
Nxd4 9. Bxd4 O-O 10. Be3 f5 11. Qd2 Nf7 12. Be2 Be6 13. exf5 Bxf5 14. O-O Qd7
15. Rfd1 Rac8 16. Rac1 Ne5 17. Nd5 b6 18. b4 Rfd8 19. Qe1 Qb7 20. Qh4 Rd7 21.
f4 e6 22. fxe5 exd5 23. Bf3 Qa6 24. Bxd5+ Kh8 25. e6 Rdc7 26. Bf4 b5 27. c5 dxc5
28. Bxc7 1-0

[Event "Indywidualne Mistrzostwa Polski do lat 20"]
[Site "Pokrzywna"]
[Date "1899-12-30"]
[Round "3.12"]
[White "Janeczko, Jakub"]
[Black "Mis, Mieszko"]
[Result "0-1"]
[WhiteTitle "I++"]
[BlackTitle "FM"]
[WhiteElo "1980"]
[BlackElo "2358"]

1. e4 d6 2. d4 Nf6 3. Bd3 e5 4. d5 Be7 5. c4 a5 6. Nc3 Na6 7. Nge2 O-O 8. f3 Ne8
9. Be3 Bg5 10. Qd2 Bxe3 11. Qxe3 Nc5 12. Bc2 Qh4+ 13. Kd2 f5 14. Raf1 fxe4 15.
Nxe4 Nxe4+ 16. Bxe4 Bf5 17. Ng3 Bxe4 18. Nxe4 Nf6 19. g3 Nxe4+ 20. Qxe4 Qh6+ 21.
Kc2 Rf6 22. Rf2 Raf8 23. Rhf1 Qh5 24. h4 Qg6 25. Qxg6 Rxg6 26. Rg1 Kf7 27. Kd3
Ke7 28. Ke4 Rg4+ 29. Kd3 Rd4+ 30. Kc3 b5 31. cxb5 Rb8 32. f4 Rxb5 33. fxe5 dxe5
34. Re1 Rc5+ 35. Kb3 Rdxd5 36. Rf3 Rd2 37. Rc3 Rxc3+ 38. Kxc3 Rd5 39. Kc4 Kd6
40. a3 Rd2 41. b3 c6 42. Re3 Rd4+ 43. Kc3 Kd5 44. Re1 Rg4 45. Re3 e4 46. b4 a4
47. Kd4+ Ke5+ 0-1

[Event "Indywidualne Mistrzostwa Polski do lat 20"]
[Site "Pokrzywna"]
[Date "1899-12-30"]
[Round "3.13"]
[White "Karpus, Michal"]
[Black "Panek, Bartosz"]
[Result "1-0"]
[WhiteTitle "FM"]
[BlackTitle "I+"]
[WhiteElo "2311"]
[BlackElo "1981"]

1. e4 c5 2. Nf3 Nc6 3. d4 cxd4 4. Nxd4 Nf6 5. Nc3 e5 6. Ndb5 d6 7. Bg5 a6 8. Na3
b5 9. Bxf6 gxf6 10. Nd5 f5 11. c3 Be6 12. exf5 Bxf5 13. Nc2 Bg7 14. Nce3 Bg6 15.
Bd3 O-O 16. O-O f5 17. f4 Ne7 18. a4 exf4 19. Nxf4 Qb6 20. Qf3 b4 21. Kh1 bxc3
22. Bc4+ Kh8 23. Ned5 Qd4 24. Nxe7 Qxc4 25. Nfxg6+ hxg6 26. Qh3+ 1-0

[Event "Indywidualne Mistrzostwa Polski do lat 20"]
[Site "Pokrzywna"]
[Date "1899-12-30"]
[Round "3.14"]
[White "Seemann, Jakub"]
[Black "Budzisz, Adrian"]
[Result "1-0"]
[WhiteTitle "FM"]
[BlackTitle "I+"]
[WhiteElo "2306"]
[BlackElo "1955"]

1. d4 Nf6 2. c4 e6 3. Nc3 Bb4 4. e3 O-O 5. Bd2 b6 6. Nf3 Bb7 7. Bd3 c5 8. a3 Bxc3
9. Bxc3 Ne4 10. Bxe4 Bxe4 11. dxc5 bxc5 12. Qd6 Nc6 13. Nd2 Bg6 14. Qxc5 Qc7 15.
O-O d6 16. Qg5 h6 17. Qg3 e5 18. Rfd1 Bh5 19. f3 f5 20. Rac1 Nd8 21. b4 Ne6 22.
Qh4 Qb6 23. c5 dxc5 24. Qxh5 cxb4 25. Nc4 Qa6 26. Bxb4 Rf6 27. Nxe5 1-0

[Event "Indywidualne Mistrzostwa Polski do lat 20"]
[Site "Pokrzywna"]
[Date "1899-12-30"]
[Round "3.15"]
[White "Bojczewski, Mateusz"]
[Black "Klimkowski, Jan"]
[Result "0-1"]
[WhiteTitle "I+"]
[BlackTitle "FM"]
[WhiteElo "1960"]
[BlackElo "2305"]

1. e4 c5 2. Nf3 d6 3. d4 cxd4 4. Nxd4 Nf6 5. Nc3 a6 6. f3 e5 7. Nb3 Be6 8. Be3
Nbd7 9. Qd2 h5 10. Be2 b5 11. Nd5 Bxd5 12. exd5 Nb6 13. Bxb6 Qxb6 14. Na5 g6 15.
Nc6 Bh6 16. Qb4 Qc7 17. Qb3 O-O 18. O-O Rfc8 19. c4 bxc4 20. Bxc4 a5 21. Kh1 Kg7
22. Qd3 Qb6 23. b4 axb4 24. Rfb1 Qc5 25. Ba6 Nxd5 26. Bxc8 Rxc8 27. Na7 Nf4 28.
Qb5 Qxa7 29. Qxb4 Nd3 30. Qh4 Nf2+ 31. Kg1 Bg5 0-1

[Event "Indywidualne Mistrzostwa Polski do lat 20"]
[Site "Pokrzywna"]
[Date "1899-12-30"]
[Round "3.16"]
[White "Sernecki, Franciszek"]
[Black "Zabron, Maksym"]
[Result "1/2-1/2"]
[WhiteTitle "FM"]
[BlackTitle "I++"]
[WhiteElo "2266"]
[BlackElo "1932"]

1. d4 Nf6 2. c4 e6 3. Nf3 b6 4. g3 Ba6 5. Qc2 Bb4+ 6. Bd2 Be7 7. e4 d5 8. cxd5
Bxf1 9. Kxf1 exd5 10. e5 Ne4 11. Nc3 Nxd2+ 12. Qxd2 O-O 13. Kg2 c6 14. Qd3 Qc8
15. Rhf1 Na6 16. Ng1 Nc7 17. Nge2 f5 18. Rac1 Qd7 19. Kh1 Ne6 20. Nf4 Nxf4 21.
gxf4 Qe6 22. Rfd1 Rfd8 23. Qf3 Rac8 24. a3 Rd7 25. Rd3 Rcd8 26. Na4 Rc7 27. b4
Qd7 28. Nb2 Rdc8 29. Nd1 g6 30. Ne3 b5 31. Rdc3 Bd8 32. Qd1 Be7 33. Qb3 Kf7 34.
Qc2 a5 35. bxa5 c5 36. Qb2 c4 37. Nc2 Ra7 38. Rh3 Kg8 39. Nb4 Rxa5 40. Rcc3 Ra4
41. Nc2 Rb8 42. Rh6 Bf8 43. Rh4 Be7 44. Rh6 Bf8 45. Rh4 Be7 1/2-1/2

[Event "Indywidualne Mistrzostwa Polski do lat 20"]
[Site "Pokrzywna"]
[Date "1899-12-30"]
[Round "3.17"]
[White "Ochedzan, Tymon"]
[Black "Kozlowski, Pawel"]
[Result "0-1"]
[WhiteTitle "CM"]
[BlackTitle "I++"]
[WhiteElo "2246"]
[BlackElo "1924"]

1. e4 e6 2. d4 d5 3. Nc3 Bb4 4. e5 Qd7 5. Qg4 f5 6. Qh5+ Qf7 7. Qh3 b6 8. a3 Bxc3+
9. Qxc3 Qd7 10. Be2 Ba6 11. Bh5+ g6 12. Be2 h6 13. h4 Ne7 14. Rh3 Bxe2 15. Nxe2
Nbc6 16. Be3 Nd8 17. Nf4 Rg8 18. Qd2 Nf7 19. Rg3 O-O-O 20. Nd3 Rh8 21. Ke2 f4
22. Nxf4 g5 23. Nh5 Nf5 24. Rh3 Qb5+ 25. Qd3 Qxb2 26. Rhh1 Nxe5 27. dxe5 Qxe5
28. g4 d4 29. gxf5 exf5 30. Ng3 Rhf8 31. Kf1 dxe3 32. Qa6+ Kb8 33. Re1 f4 34.
Ne2 exf2 35. Kxf2 Qe3+ 36. Kf1 Qf3+ 37. Kg1 gxh4 38. Kh2 Qf2+ 39. Kh3 f3 40. Rhf1
Qg2+ 41. Kxh4 Rd4+ 42. Nxd4 Rf4+ 43. Kh5 Qg5# 0-1

[Event "Indywidualne Mistrzostwa Polski do lat 20"]
[Site "Pokrzywna"]
[Date "1899-12-30"]
[Round "3.18"]
[White "Dzwierzynski, Bartosz"]
[Black "Suder, Jakub"]
[Result "0-1"]
[WhiteTitle "I"]
[BlackTitle "k"]
[WhiteElo "1939"]
[BlackElo "2239"]

1. d4 Nf6 2. c4 e6 3. Nc3 Bb4 4. f3 c5 5. a3 Bxc3+ 6. bxc3 d5 7. e3 O-O 8. cxd5
Nxd5 9. Bd2 cxd4 10. cxd4 Nc6 11. Bd3 e5 12. e4 Nf4 13. Bxf4 exf4 14. Ne2 Nxd4
15. Nxf4 Qa5+ 16. Kf2 Be6 17. Qe1 Qe5 18. Qe3 b6 19. Rhd1 Nb3 20. Rab1 Nc5 21.
g3 Rad8 22. Be2 h6 23. Nd3 Nxd3+ 24. Rxd3 Rxd3 25. Bxd3 Rc8 26. a4 Rc3 27. Rb4
Ra3 28. Rd4 Ra2+ 29. Be2 Qc7 30. Rd2 Rxa4 31. f4 Ra2 32. f5 Rxd2 33. Qxd2 Bc4
34. Bxc4 Qxc4 35. Kf3 b5 36. Qd7 b4 37. e5 Qf1+ 38. Kg4 Qe2+ 39. Kf4 Qf2+ 40.
Ke4 Qc2+ 41. Kf3 Qc5 42. Kf4 Qc4+ 43. Kf3 b3 44. e6 Qc3+ 45. Kf4 Qb4+ 46. Kf3
fxe6 47. fxe6 b2 48. e7 b1=Q 49. e8=Q+ Kh7 50. Qe2 Qh1+ 51. Ke3 Qc5+ 52. Kd3 Qb1+
0-1

[Event "Indywidualne Mistrzostwa Polski do lat 20"]
[Site "Pokrzywna"]
[Date "1899-12-30"]
[Round "3.19"]
[White "Kokoszczynski, Jan"]
[Black "Jedrusik, Adam"]
[Result "1-0"]
[WhiteTitle "FM"]
[BlackTitle "I"]
[WhiteElo "2221"]
[BlackElo "1891"]

1. e4 g6 2. d4 c6 3. Nc3 Bg7 4. Nf3 d6 5. a4 Nf6 6. h3 O-O 7. Be2 Nbd7 8. Be3 Qc7
9. O-O e5 10. dxe5 dxe5 11. Bc4 h6 12. Qe2 b6 13. Rfd1 Bb7 14. b4 a6 15. Nd2 Kh7
16. Ba2 Nh5 17. Nc4 Nf4 18. Qf1 Rad8 19. a5 b5 20. Nd6 Nd5 21. Nxd5 Qxd6 22. Nb6
Qc7 23. Nxd7 Rxd7 24. Bb6 Qc8 25. Rxd7 Qxd7 26. Rd1 Qc8 27. Bc5 Rd8 28. Bxf7 Bf8
29. Be6 Rxd1 30. Qxd1 Qxe6 31. Bxf8 c5 32. Qd8 Qf7 33. Bd6 Qf4 34. Qe7+ Kg8 35.
Bxe5 1-0

[Event "Indywidualne Mistrzostwa Polski do lat 20"]
[Site "Pokrzywna"]
[Date "1899-12-30"]
[Round "3.20"]
[White "Fiedorek, Michal"]
[Black "Topola, Rafal"]
[Result "1-0"]
[WhiteTitle "FM"]
[BlackTitle "I"]
[WhiteElo "2176"]
[BlackElo "1827"]

1. e4 c6 2. Nc3 d5 3. Nf3 dxe4 4. Nxe4 Nd7 5. Bc4 Ngf6 6. Qe2 Nxe4 7. Qxe4 Nf6
8. Ne5 e6 9. Qe2 Bd6 10. d4 Qc7 11. O-O b6 12. Re1 O-O 13. Bf4 Bb7 14. Rad1 Rad8
15. c3 Nd5 16. Bg3 f6 17. Nd3 Bc8 18. Bb3 Rfe8 19. Qf3 Kh8 20. Qh5 g6 21. Qf3
Kg7 22. Re2 Bd7 23. c4 Ne7 24. Bxd6 Qxd6 25. c5 Qc7 26. Bxe6 Bxe6 27. Rxe6 Nf5
28. cxb6 axb6 29. Nf4 Nxd4 30. Rxd4 Rxd4 31. Nh5+ Kh6 32. Rxe8 Qd6 33. Ng3 1-0

[Event "Indywidualne Mistrzostwa Polski do lat 20"]
[Site "Pokrzywna"]
[Date "1899-12-30"]
[Round "3.21"]
[White "Dziewonski, Dariusz"]
[Black "Golecki, Jan"]
[Result "0-1"]
[WhiteTitle "I++"]
[BlackTitle "k"]
[WhiteElo "1925"]
[BlackElo "2162"]

1. e4 e5 2. Nf3 Nc6 3. Bb5 g6 4. O-O Bg7 5. c3 a6 6. Ba4 d6 7. Re1 Bd7 8. d4 Nge7
9. Bb3 O-O 10. h3 h6 11. Be3 Kh7 12. Bc2 f5 13. dxe5 Nxe5 14. Nxe5 Bxe5 15. Bd4
f4 16. Bxe5 dxe5 17. f3 Rf6 18. Na3 b5 19. Bb3 Qe8 20. Qe2 Rd8 21. Rad1 g5 22.
Rd3 Nc8 23. Red1 Rd6 24. Qd2 Bxh3 25. Rxd6 Rxd6 26. Qe2 Bd7 27. Rxd6 Nxd6 28.
Qd2 g4 29. Qd5 gxf3 30. gxf3 a5 31. c4 a4 32. Bd1 bxc4 33. Be2 Qg6+ 34. Kf1 Qg3
35. Bd1 Bh3+ 36. Ke2 Qg2+ 37. Ke1 Qxb2 38. Qc5 Qc3+ 39. Ke2 Kg6 40. Nc2 Qd3+ 41.
Ke1 c3 42. Qf2 Nc4 43. Qe2 Nb2 44. Nb4 Qd4 45. Qa6+ Kh5 46. Be2 Qd2+ 47. Kf2 Nd1+
48. Kg1 Qe1+ 49. Kh2 Qg3+ 50. Kh1 Nf2# 0-1

[Event "Indywidualne Mistrzostwa Polski do lat 20"]
[Site "Pokrzywna"]
[Date "1899-12-30"]
[Round "3.22"]
[White "Luberanski, Jakub"]
[Black "Rosa, Antoni"]
[Result "1-0"]
[WhiteTitle "k"]
[BlackTitle "I"]
[WhiteElo "2125"]
[BlackElo "1416"]

1. d4 d5 2. c4 e6 3. Nc3 Nf6 4. cxd5 exd5 5. Bg5 Be7 6. e3 O-O 7. Bd3 Nc6 8. Nge2
h6 9. Bxf6 Bxf6 10. Nf4 Re8 11. O-O Nb4 12. Bb1 Bg5 13. Qf3 Bxf4 14. Qxf4 c6 15.
a3 Na6 16. b4 Nc7 17. Bd3 Ne6 18. Qg3 Qc7 19. Qxc7 Nxc7 20. b5 Bd7 21. Rab1 cxb5
22. Bxb5 Nxb5 23. Nxb5 Bxb5 24. Rxb5 b6 25. Rxd5 Rec8 26. a4 Rc4 27. a5 Kf8 28.
g3 Rb8 29. Rb1 Rbc8 30. axb6 Rc1+ 31. Rxc1 Rxc1+ 32. Kg2 axb6 33. Rb5 Rc6 34.
d5 Rd6 35. e4 Ke7 36. e5 Rd8 37. f4 g6 38. d6+ Ke6 39. Rxb6 Ra8 40. Rb7 Re8 41.
Kf3 f6 42. Ke4 g5 43. f5# 1-0

[Event "Indywidualne Mistrzostwa Polski do lat 20"]
[Site "Pokrzywna"]
[Date "1899-12-30"]
[Round "3.23"]
[White "Klim, Filip"]
[Black "Trybus, Daniel"]
[Result "0-1"]
[WhiteTitle "I++"]
[BlackTitle "I++"]
[WhiteElo "1897"]
[BlackElo "2125"]

1. e4 c5 2. Nf3 d6 3. d4 cxd4 4. Nxd4 Nf6 5. Nc3 a6 6. Be2 e6 7. O-O Be7 8. f4
Qc7 9. Kh1 Nc6 10. Be3 O-O 11. Qe1 Nxd4 12. Bxd4 b5 13. Qg3 b4 14. e5 dxe5 15.
Bxe5 Qb6 16. Ne4 Ne8 17. Bf3 Bb7 18. Rad1 Rc8 19. Rd7 Bxe4 20. Rxe7 Bg6 21. h4
Nd6 22. Qg4 Nf5 23. Rb7 Qc5 24. Rg1 f6 25. h5 Bxh5 26. Qh3 Bxf3 27. Bxf6 Bxb7
0-1

[Event "Indywidualne Mistrzostwa Polski do lat 20"]
[Site "Pokrzywna"]
[Date "1899-12-30"]
[Round "3.24"]
[White "Skurniak, Szymon"]
[Black "Kowalczyk, Jakub"]
[Result "1-0"]
[WhiteTitle "k"]
[BlackTitle "II"]
[WhiteElo "2117"]
[BlackElo "1200"]

1. e4 c5 2. b3 e6 3. Nf3 Qc7 4. Bb2 Nc6 5. c4 d6 6. Nc3 a6 7. d4 cxd4 8. Nxd4 Nf6
9. Rc1 Be7 10. Be2 b6 11. Nd5 Qb7 12. Nxc6 Qxc6 13. Nxe7 Kxe7 14. f3 e5 15. Ba3
Rd8 16. O-O Be6 17. Qd2 Rd7 18. Qg5 Kf8 19. Qxe5 Kg8 20. Qg3 Qc7 21. Rfd1 Rad8
22. c5 Ne8 23. cxd6 Qb7 24. Bb2 f6 25. e5 fxe5 26. Bxe5 b5 27. a4 Qb6+ 28. Kh1
Nxd6 29. Rxd6 Qxd6 30. Bxd6 Rxd6 31. Qe5 h6 32. Rc7 Bf7 33. Qe7 1-0

[Event "Indywidualne Mistrzostwa Polski do lat 20"]
[Site "Pokrzywna"]
[Date "1899-12-30"]
[Round "3.25"]
[White "Dalkowski, Rafal"]
[Black "Krawczyk, Flawian"]
[Result "1/2-1/2"]
[WhiteTitle "I"]
[BlackTitle "I"]
[WhiteElo "1871"]
[BlackElo "2073"]

1. d4 Nf6 2. c4 g6 3. Nc3 Bg7 4. e4 d6 5. f3 O-O 6. Be3 Nc6 7. Nge2 a6 8. Qd2 Rb8
9. Nc1 e5 10. Nb3 exd4 11. Nxd4 Nxd4 12. Bxd4 Bd7 13. Be2 b5 14. O-O Bc6 15. Rac1
b4 16. Nd5 Bxd5 17. cxd5 a5 18. Qc2 Re8 19. Qc4 Qe7 20. Rfe1 Rec8 21. Qc2 Bh6
22. Ba6 Re8 23. Rcd1 Nh5 24. g3 Bg7 25. Bxg7 Kxg7 26. Rc1 c5 27. e5 Qg5 28. exd6
Rxe1+ 29. Rxe1 Qxd5 30. Rd1 Qxf3 31. d7 Rd8 32. Qd2 Nf6 33. Bb5 Qf5 34. Bc6 Qe6
35. Qd6 Qxd6 36. Rxd6 c4 37. Kf1 Ng4 38. Ke2 Ne5 39. Ba4 Nd3 40. Rd4 Nc5 41. Bb5
c3 42. bxc3 bxc3 43. Rd5 Ne6 44. Bc6 Rb8 45. Bb5 Kf6 46. Kd3 Ke7 47. a4 f6 48.
Kxc3 Nc7 49. Rd2 Nxb5+ 50. axb5 Rd8 51. Kb3 Rxd7 52. Re2+ Kd8 53. Ka4 Kc7 54.
Kxa5 Kb7 55. Re6 f5 56. Kb4 Rf7 57. Kc5 g5 58. Re3 f4 59. Rf3 Rf5+ 60. Kd4 Rxb5
1/2-1/2

[Event "Indywidualne Mistrzostwa Polski do lat 20"]
[Site "Pokrzywna"]
[Date "1899-12-30"]
[Round "3.26"]
[White "Jaworski, Tymon"]
[Black "Majek, Kacper"]
[Result "0-1"]
[WhiteTitle "I"]
[BlackTitle "I++"]
[WhiteElo "1510"]
[BlackElo "2057"]

1. d4 d5 2. Bf4 Nf6 3. e3 e6 4. Nf3 Bd6 5. Ne5 O-O 6. Nd2 c5 7. c3 Nc6 8. Bd3 Qc7
9. Nxc6 Bxf4 10. Nxa7 Rxa7 11. exf4 cxd4 12. cxd4 Qxf4 13. Nf3 Bd7 14. Qd2 Qd6
15. Ne5 Ne4 16. Bxe4 dxe4 17. Nxd7 Qxd7 18. O-O Ra4 19. Rfd1 Rd8 20. b4 Ra3 21.
Rac1 Rd3 22. Qb2 e5 23. Rxd3 exd3 24. dxe5 d2 25. Rd1 Qd3 26. h3 Qe2 27. Qa1 Rc8
28. a4 Qxd1+ 29. Qxd1 Rc1 30. Qxc1 dxc1=Q+ 0-1

[Event "Indywidualne Mistrzostwa Polski do lat 20"]
[Site "Pokrzywna"]
[Date "1899-12-30"]
[Round "3.28"]
[White "Warchol, Kamil"]
[Black "Starosciak, Szymon"]
[Result "1-0"]
[WhiteTitle "CM"]
[BlackTitle "I"]
[WhiteElo "1755"]
[BlackElo "1864"]

1. e4 c5 2. Nf3 Nc6 3. Bb5 g6 4. Bxc6 dxc6 5. d3 Bg7 6. h3 Nf6 7. Nc3 Nd7 8. Be3
e5 9. Qd2 h6 10. O-O b6 11. Nh2 Nf8 12. f4 exf4 13. Rxf4 Ne6 14. Rf2 Nd4 15. Raf1
Be6 16. Ng4 g5 17. Nf6+ Bxf6 18. Rxf6 Qc7 19. Kh1 O-O-O 20. Bg1 Qd7 21. Bh2 Rdg8
22. a4 a5 23. Nd1 h5 24. c3 Nb3 25. Qf2 h4 26. Ne3 Rh7 27. Nc4 Bxc4 28. dxc4 Nd2
29. Re1 Nb3 30. Rd6 1-0

[Event "Indywidualne Mistrzostwa Polski do lat 20"]
[Site "Pokrzywna"]
[Date "1899-12-30"]
[Round "3.29"]
[White "Meers, Hubert"]
[Black "Baum, Jonasz"]
[Result "1-0"]
[WhiteTitle "k"]
[BlackTitle "IM"]
[WhiteElo "1986"]
[BlackElo "2308"]

1. e4 c5 2. Nf3 d6 3. d4 cxd4 4. Nxd4 Nf6 5. Nc3 a6 6. h4 Nc6 7. h5 Bg4 8. Be2
Bxe2 9. Ndxe2 e6 10. h6 gxh6 11. Ng3 Qb6 12. Qf3 Be7 13. b3 Nd7 14. Bb2 Nde5 15.
Qd1 Rg8 16. Na4 Qa7 17. Qe2 Rc8 18. c4 Rb8 19. O-O-O b5 20. cxb5 axb5 21. Nc3
Nd4 22. Rxd4 Qxd4 23. Rd1 Qb6 24. Kb1 Rg6 25. Qe1 Bh4 26. Nce2 Rc8 27. Qd2 Rd8
28. Bd4 Qb7 29. Rh1 Bf6 30. f4 Nd7 31. f5 Rg8 32. fxe6 Ne5 33. Qxh6 Qe7 34. Nf5
Qxe6 35. Nf4 Ng4 36. Nxe6 Nxh6 37. Bxf6 Rd7 38. Nfg7+ Rxg7 39. Nxg7+ 1-0

[Event "Indywidualne Mistrzostwa Polski do lat 20"]
[Site "Pokrzywna"]
[Date "1899-12-30"]
[Round "3.30"]
[White "Stachecki, Mikolaj"]
[Black "Kocierz, Pawel"]
[Result "0-1"]
[WhiteTitle "I+"]
[BlackTitle "II"]
[WhiteElo "1822"]
[BlackElo "1701"]

1. e4 c5 2. Nf3 g6 3. d4 cxd4 4. Nxd4 Bg7 5. c4 Nc6 6. Be3 Nf6 7. Nc3 d6 8. Be2
O-O 9. O-O Bd7 10. Qd2 a6 11. f3 Rb8 12. a4 Nb4 13. a5 Nc6 14. Nxc6 bxc6 15. Bb6
Qc8 16. b4 Be6 17. Rab1 Nd7 18. Na4 c5 19. b5 Bd4+ 20. Kh1 f5 21. Ba7 Ra8 22.
Nb6 Nxb6 23. axb6 fxe4 24. bxa6 Qxa6 25. fxe4 Bxc4 26. b7 Bxe2 27. Rxf8+ Rxf8
28. b8=Q Rxb8 29. Bxb8 Bd3 30. Re1 c4 31. Qg5 Bf6 32. Qd5+ Kg7 33. e5 Bxe5 34.
g3 Bf6 35. g4 Qb6 36. g5 Qxb8 37. gxf6+ exf6 38. Re7+ Kh6 39. Qd4 Qb1+ 40. Kg2
Bf1+ 41. Kf2 Qf5+ 42. Ke1 Bd3 43. Qh4+ Qh5 44. Qxf6 Qa5+ 45. Kf2 Qf5+ 46. Qxf5
Bxf5 47. Rc7 d5 48. Ke3 g5 49. Kd4 Be4 50. Ke5 Kh5 51. Rc6 Kg4 52. Kd4 h5 53.
Ke3 Kh3 54. Rh6 h4 55. Rh5 Kg4 56. Rh8 c3 57. Rf8 c2 58. Kd2 Kh3 59. Rg8 g4 60.
Rg5 g3 61. hxg3 hxg3 62. Ke2 c1=R 63. Rg8 g2 64. Rh8+ Kg4 65. Rg8+ Kf5 66. Rf8+
Ke6 67. Re8+ Kf7 68. Kd2 Kxe8 0-1

[Event "Indywidualne Mistrzostwa Polski do lat 20"]
[Site "Pokrzywna"]
[Date "1899-12-30"]
[Round "3.31"]
[White "Bochenek, Ryszard"]
[Black "Kaliszuk, Kamil"]
[Result "0-1"]
[WhiteTitle "II"]
[BlackTitle "I+"]
[WhiteElo "1445"]
[BlackElo "1961"]

1. e4 c5 2. b3 g6 3. Bb2 Nf6 4. f4 Bg7 5. Nf3 O-O 6. d3 Nc6 7. h3 d5 8. e5 Nh5
9. g4 Nxf4 10. Qd2 Ne6 11. h4 Ned4 12. Bxd4 Bxg4 13. Nh2 Nxd4 14. Nc3 Bxe5 0-1

[Event "Indywidualne Mistrzostwa Polski do lat 20"]
[Site "Pokrzywna"]
[Date "1899-12-30"]
[Round "3.32"]
[White "Wasik, Mateusz"]
[Black "Suska, Szymon"]
[Result "1-0"]
[WhiteTitle "I"]
[BlackTitle "I"]
[WhiteElo "1765"]
[BlackElo "1548"]

1. e4 c5 2. Nf3 e6 3. d4 cxd4 4. Nxd4 a6 5. Nc3 Nc6 6. g3 Qc7 7. Bg2 Nf6 8. O-O
Nxd4 9. Qxd4 Bc5 10. Bf4 d6 11. Qd3 h6 12. Rad1 e5 13. Be3 Be6 14. Bxc5 dxc5 15.
Nd5 Qc6 16. f4 c4 17. Qa3 Bxd5 18. exd5 Qb6+ 19. Kh1 Ng4 20. Rd2 f6 21. Re2 h5
22. h3 O-O-O 23. Be4 exf4 24. gxf4 Nh6 25. Qc3 Qc7 26. b3 cxb3 27. Qxc7+ Kxc7
28. axb3 Rhe8 29. Rfe1 h4 30. c4 f5 31. Bf3 Rxe2 32. Rxe2 b6 33. b4 Nf7 34. c5
bxc5 35. bxc5 Rd7 36. Ra2 g5 37. Rxa6 gxf4 38. Kg2 Kb7 39. Rf6 Kc7 40. Rxf5 Kd8
41. Rxf4 Ne5 42. d6 Rg7+ 43. Bg4 Nf7 44. Ra4 Rxg4+ 45. hxg4 Ne5 46. Kh3 Kd7 47.
Ra7+ Kc6 48. Rc7+ Kd5 49. d7 Ke4 50. d8=Q 1-0

[Event "Indywidualne Mistrzostwa Polski do lat 20"]
[Site "Pokrzywna"]
[Date "1899-12-30"]
[Round "3.33"]
[White "Klim, Juliusz"]
[Black "Haliniak, Wojciech"]
[Result "0-1"]
[WhiteTitle "II"]
[BlackTitle "I"]
[WhiteElo "1292"]
[BlackElo "1764"]

1. e4 c5 2. Nf3 Nc6 3. d4 cxd4 4. Nxd4 Nf6 5. Nc3 d6 6. Bg5 e6 7. Qd2 Be7 8. O-O-O
O-O 9. Nxc6 bxc6 10. Bxf6 Bxf6 11. Qxd6 Qa5 12. Qxc6 Rb8 13. f3 Rb6 14. Qc7 Be5
15. Rd5 exd5 16. Qxe5 Qb4 17. exd5 Qxb2+ 18. Kd2 Bd7 19. Bd3 Re8 20. Qd4 Qa3 21.
Qh4 h6 22. g4 Qb4 23. Qg3 Rc8 24. Qe5 f6 25. Qe4 Qxc3+ 0-1

[Event "Indywidualne Mistrzostwa Polski do lat 20"]
[Site "Pokrzywna"]
[Date "1899-12-30"]
[Round "3.34"]
[White "Ochedzan, Filip"]
[Black "Liskiewicz, Jakub"]
[Result "0-1"]
[WhiteTitle "II"]
[BlackTitle "I"]
[WhiteElo "1617"]
[BlackElo "1504"]

1. e4 d6 2. d4 Nf6 3. Nc3 g6 4. Bg5 Bg7 5. Qd2 h6 6. Bf4 Nbd7 7. Be2 e5 8. dxe5
dxe5 9. Be3 c6 10. O-O-O b5 11. Qd6 Bb7 12. Nxb5 cxb5 13. Bxb5 Qe7 14. Qc7 Bxe4
15. Bc5 Qe6 16. Rd6 Qf5 17. f3 O-O 18. Bxd7 Nxd7 19. Qxd7 Qg5+ 20. Rd2 Bf5 21.
Qa4 Rfc8 22. Qa3 Bf8 23. h4 Qf4 24. g3 Qc4 25. b3 Bxc5 26. Qb2 Qf1+ 27. Rd1 Be3+
28. Kb1 Qxd1+ 29. Qc1 Qxc1# 0-1

[Event "Indywidualne Mistrzostwa Polski do lat 20"]
[Site "Pokrzywna"]
[Date "1899-12-30"]
[Round "3.35"]
[White "Durzynski, Jan"]
[Black "Karut, Kacper"]
[Result "0-1"]
[WhiteTitle "II+"]
[BlackTitle "I"]
[WhiteElo "1266"]
[BlackElo "1607"]

1. e4 c5 2. Nf3 d6 3. d4 cxd4 4. Nxd4 Nf6 5. Bd3 Nc6 6. Be3 Ng4 7. Nxc6 bxc6 8.
Bf4 Qb6 9. O-O Qxb2 10. Nd2 g6 11. Nc4 Qf6 12. Qd2 Bg7 13. h3 Ne5 14. Bxe5 dxe5
15. Qa5 O-O 16. Nb6 axb6 17. Qxa8 Bxh3 18. Qxf8+ Bxf8 19. gxh3 e6 20. a4 Qg5+
21. Kh1 Qh4 22. Kg2 f5 23. Rae1 f4 24. Be2 Bc5 25. Bg4 Kf7 26. Bf3 h5 27. Re2
Qd8 28. c3 Kg7 29. Ra2 Qd3 30. Rc1 Qc4 31. Raa1 Qd3 32. Ra2 Kh6 33. Raa1 Qd2 34.
Rf1 Qxc3 35. Rac1 Qb4 36. Ra1 Bd4 37. Rac1 Qxa4 38. Be2 c5 39. Bf3 b5 40. Rb1
b4 41. h4 c4 42. Rfc1 Qa2 43. Rf1 b3 44. Rbc1 b2 0-1

[Event "Indywidualne Mistrzostwa Polski do lat 20"]
[Site "Pokrzywna"]
[Date "1899-12-30"]
[Round "3.36"]
[White "Zimny, Jakub"]
[Black "Czak, Dominik"]
[Result "0-1"]
[WhiteTitle "II+"]
[BlackTitle "II"]
[WhiteElo "1569"]
[BlackElo "1267"]

1. e4 c6 2. d4 d5 3. exd5 cxd5 4. c4 Nf6 5. Nc3 e6 6. Nf3 Bb4 7. Bd3 Nc6 8. a3
Bxc3+ 9. bxc3 Bd7 10. O-O O-O 11. Bg5 Re8 12. cxd5 exd5 13. Qc2 h6 14. Bf4 Be6
15. Rab1 Qd7 16. Ne5 Nxe5 17. Bxe5 a6 18. Rb6 Qc8 19. Rfb1 Ra7 20. Bxf6 gxf6 21.
Qd2 Kg7 22. Qf4 Qxc3 23. R6b3 Qc8 24. Be2 Bf5 25. Rg3+ Bg6 26. Rc1 Qe6 27. Bd3
Raa8 28. Bxg6 Qe1+ 0-1

[Event "Indywidualne Mistrzostwa Polski do lat 20"]
[Site "Pokrzywna"]
[Date "1899-12-30"]
[Round "4.1"]
[White "Fus, Jakub"]
[Black "Janik, Igor"]
[Result "1/2-1/2"]
[WhiteTitle "FM"]
[BlackTitle "IM"]
[WhiteElo "2401"]
[BlackElo "2489"]

1. d4 Nf6 2. c4 e6 3. Nf3 b6 4. g3 Bb7 5. Bg2 c5 6. d5 exd5 7. Ng5 Be7 8. Nc3 O-O
9. Nh3 Na6 10. Nf4 Nc7 11. O-O Re8 12. Qc2 Rb8 13. Nfxd5 Bxd5 14. Nxd5 Ncxd5 15.
cxd5 b5 16. a4 a6 17. axb5 axb5 18. Bf4 d6 19. Ra6 Nh5 20. Bd2 Bf8 21. Rfa1 g6
22. Bf3 Nf6 23. Bf4 Rb6 24. Bg5 Rxa6 25. Rxa6 h6 26. Bf4 g5 27. Bc1 Qc8 28. Ra5
b4 29. b3 Qh3 30. Bb2 Ng4 1/2-1/2

[Event "Indywidualne Mistrzostwa Polski do lat 20"]
[Site "Pokrzywna"]
[Date "1899-12-30"]
[Round "4.2"]
[White "Teclaf, Pawel"]
[Black "Pacan-milej, Kosma"]
[Result "1/2-1/2"]
[WhiteTitle "IM"]
[BlackTitle "FM"]
[WhiteElo "2477"]
[BlackElo "2423"]

1. c4 c6 2. e4 e5 3. Nf3 d6 4. d4 Nd7 5. Nc3 Ngf6 6. Be2 Be7 7. O-O O-O 8. Qc2
a6 9. b4 Qc7 10. Rb1 Re8 11. Rd1 Nf8 12. h3 exd4 13. Nxd4 Ng6 14. f4 Bf8 15. Bf1
a5 16. b5 Nd7 17. g3 Nc5 18. Bg2 Bd7 19. Ba3 h5 20. Nf5 Rad8 21. Rd2 h4 22. b6
Qb8 23. Rbd1 Be6 24. Ne3 Bxh3 25. Bxh3 hxg3 26. Ng2 d5 27. e5 Nxf4 28. Nxf4 Qxe5
29. Rf1 d4 30. Re2 Qg5 31. Rxe8 Rxe8 32. Nd1 d3 33. Qg2 Qh4 34. Qf3 Ne4 35. Bc1
Ng5 36. Qg4 Nxh3+ 37. Qxh3 Bc5+ 38. Kg2 Re2+ 39. Nxe2 Qe4+ 40. Kxg3 dxe2 41. Qc8+
Kh7 42. Qh3+ Kg8 43. Re1 Bb4 44. Qc8+ Kh7 45. Qh3+ Kg8 46. Qc8+ Kh7 47. Rxe2 Qxe2
48. Qf5+ Kg8 49. Qc8+ 1/2-1/2